|
|
|
|
| LEADER |
00000nam0a2200000 4500 |
| 001 |
71267 |
| 005 |
20231101212553.0 |
| 010 |
|
|
|a 5948810178
|
| 035 |
|
|
|a (RuTPU)RU\TPU\book\75873
|
| 090 |
|
|
|a 71267
|
| 100 |
|
|
|a 20041214d2004 m y0rusy50 ca
|
| 101 |
0 |
|
|a rus
|
| 102 |
|
|
|a RU
|
| 105 |
|
|
|a y z 000zy
|
| 200 |
1 |
|
|a Сладкий яд Востока. Путешествие под знаком стрельца
|f Н. С. Беглова
|
| 210 |
|
|
|a Москва
|c Новый Хронограф
|d 2004
|
| 215 |
|
|
|a 392 с.
|
| 330 |
|
|
|a Беглова Наталья Спартаковна. По профессии журналист. Провела около шести лет в Южной Азии. Кандидат исторических наук. Автор научных трудов по странам этого региона. В книге «Сладкий яд Востока» в увлекательной форме повествуется о годах, проведенных в Индии и Бангладеш. Как отметил Александр Михайлович Кадакин, посол России в Индии, написавший предисловие, книга создана «... пером талантливого и очень тонкого человека». Повествование автора не только знакомит читателя с историей и культурой Индии, но успешно может быть использовано в качестве путеводителя по этой замечательной стране. Свои воспоминания автор посвящает отцу - Беглову Спартаку Ивановичу - одному из известнейших журналистов-международников советской эпохи.
|
| 606 |
1 |
|
|a Индия
|x История
|2 stltpush
|3 (RuTPU)RU\TPU\subj\69057
|9 84056
|
| 610 |
1 |
|
|a индуизм
|
| 610 |
1 |
|
|a культура
|
| 610 |
1 |
|
|a путешествия
|
| 610 |
1 |
|
|a города
|
| 610 |
1 |
|
|a храмы
|
| 610 |
1 |
|
|a искусство
|
| 610 |
1 |
|
|a религия
|
| 610 |
1 |
|
|a Бангладеш
|
| 686 |
|
|
|a Т3(5Инд)
|v LBC/SL-A
|2 rubbk
|
| 700 |
|
1 |
|a Беглова
|b Н. С.
|g Наталья Спартаковна
|
| 801 |
|
1 |
|a RU
|b 63413507
|c 20041214
|g PSBO
|
| 801 |
|
2 |
|a RU
|b 63413507
|c 20130410
|g PSBO
|
| 942 |
|
|
|c BK
|
| 959 |
|
|
|a 18/20060226
|d 1
|e 204,82
|f ЧЗГЛ:1
|